[Event "Scharnstein op 2nd"]
[Site "Scharnstein"]
[Date "1999.??.??"]
[Round "?"]
[White "Gruber, Gernot"]
[Black "Dickinger, Max"]
[Result "0-1"]
[WhiteElo "2030"]
[BlackElo "1880"]
[PlyCount "68"]
[EventDate "1999.??.??"]
[EventType "swiss"]
[EventRounds "5"]
[EventCountry "AUT"]
[SourceTitle "EXT 2004"]
[Source "ChessBase"]
[SourceDate "2003.11.25"]
[SourceVersion "1"]
[SourceVersionDate "2003.11.25"]
[SourceQuality "1"]

1. e4 e6 2. d4 d5 3. exd5 exd5 4. Nc3 c6 5. Bd3 Bd6 6. Qf3 Qf6 7. Be3 h5 8. 0-0-0 Be6 9. Re1 Nd7 10. Qxf6 Ngxf6 11. h3 0-0-0 12. Nf3 Rde8 13. Ng5 Rhf8 14. f4 g6 15. Bd2 Rg8 16. Rhf1 b5 17. f5 gxf5 18. Bxf5 b4 19. Nd1 Bxf5 20. Rxe8+ Nxe8 21. Rxf5 f6 22. Nf7 Rxg2 23. Rxh5 Rg8 24. Nxd6+ Nxd6 25. Bxb4 Ne4 26. c3 Nb6 27. b3 Rg1 28. Rf5 Nd7 29. c4 dxc4 30. bxc4 Nb6 31. Rf4 f5 32. c5 Nd5 33. Bd2 Nxf4 34. Bxf4 Nc3 0-1

[Event "Scharnstein op 2nd"]
[Site "Scharnstein"]
[Date "1999.??.??"]
[Round "?"]
[White "Knoll, Hermann"]
[Black "Dickinger, Max"]
[Result "1-0"]
[WhiteElo "2240"]
[BlackElo "1880"]
[PlyCount "57"]
[EventDate "1999.??.??"]
[EventType "swiss"]
[EventRounds "5"]
[EventCountry "AUT"]
[SourceTitle "EXT 2004"]
[Source "ChessBase"]
[SourceDate "2003.11.25"]
[SourceVersion "1"]
[SourceVersionDate "2003.11.25"]
[SourceQuality "1"]

1. e4 e6 2. d4 d5 3. Nc3 Nf6 4. e5 Nfd7 5. f4 c5 6. Nf3 Nc6 7. Be3 cxd4 8. Nxd4 Be7 9. Qd2 Nxd4 10. Bxd4 a6 11. 0-0-0 b5 12. Bd3 Nc5 13. Qf2 b4 14. Ne2 Qa5 15. Kb1 Bd7 16. Nc1 Nxd3 17. Nxd3 Rc8 18. g4 Rc4 19. b3 Rc8 20. f5 Qb5 21. h4 a5 22. h5 a4 23. f6 gxf6 24. exf6 Bd6 25. g5 axb3 26. axb3 Qa5 27. g6 Ra8 28. gxf7+ Kxf7 29. Rhg1 1-0